000 00197nam a2200109Ia 4500
100 _a#N/A
942 _cBK
654 _a50+system tools
245 _aFreeware
260 _b#N/A
546 _aENGLISH
999 _c28912
_d28912